Prvá fáza reformy daňovej a colnej správy
Koncepcia a reforma daňovej a colnej správy. Legislatívne zmeny právnych predpisov vyplývajúcich z reformy. Rekodifikácia právnych predpisov súvisiacich s realizovaním reformy daňovej a colnej správy.
Guardado en:
| Autor principal: | |
|---|---|
| Formato: | Capítulo de libro |
| Lenguaje: | eslovaco |
| Materias: | |
| Etiquetas: |
Sin Etiquetas, Sea el primero en etiquetar este registro!
|
MARC
| LEADER | 00000naa$a2200000$$$4500 | ||
|---|---|---|---|
| 001 | 0106573 | ||
| 005 | 20230927074842.3 | ||
| 041 | 0 | |a slo | |
| 044 | |a SK | ||
| 245 | 1 | 0 | |a Prvá fáza reformy daňovej a colnej správy |c Božena Jurčíková |
| 520 | |a Koncepcia a reforma daňovej a colnej správy. Legislatívne zmeny právnych predpisov vyplývajúcich z reformy. Rekodifikácia právnych predpisov súvisiacich s realizovaním reformy daňovej a colnej správy. | ||
| 610 | 2 | 0 | |a reformy daňové |
| 610 | 2 | 0 | |a clá |
| 610 | 2 | 0 | |a odvody |
| 610 | 2 | 0 | |a koncepcie |
| 610 | 2 | 0 | |a harmonizácia |
| 100 | 1 | |a Jurčíková, Božena | |